[Event "Olomouc Proclient Cup"]
[Site "Olomouc"]
[Date "2006.08.08"]
[Round "9.2"]
[White "Stehno, Pavel"]
[Black "Mihailovs, Jurijs"]
[Result "0-1"]
[WhiteElo "2297"]
[BlackElo "2258"]
[PlyCount "138"]
[EventDate "2006.08.02"]
[EventType "tourn"]
[EventRounds "11"]
[EventCountry "CZE"]
[EventCategory "3"]
[SourceTitle "CBM 113 Extra"]
[Source "ChessBase"]
[SourceDate "2006.09.14"]
[SourceVersion "1"]
[SourceVersionDate "2006.09.14"]
[SourceQuality "1"]

1. e4 c5 2. Nf3 e6 3. d4 cxd4 4. Nxd4 a6 5. c4 Bc5 6. Be3 d6 7. a3 Nf6 8. Nc3 0-0 9. Be2 e5 10. Nc2 Bxe3 11. Nxe3 Nc6 12. 0-0 Be6 13. Kh1 Qb6 14. b4 Nd4 15. Bd3 Rac8 16. Rb1 Qd8 17. Ncd5 Bxd5 18. exd5 b5 19. Rb2 Qb6 20. Rd2 Rfe8 21. cxb5 axb5 22. Bb1 Rc3 23. Rd3 Qc7 24. a4 Rc8 25. Rxc3 Qxc3 26. g4 h6 27. h4 Nxd5 28. Qd3 Qxd3 29. Bxd3 Nxb4 30. Bxb5 Nxb5 31. axb5 Nd3 32. b6 Rb8 33. Rb1 Nxf2+ 34. Kg2 Ne4 35. Rb4 Nc5 36. Nc4 Nd7 37. Ra4 f6 38. Ra7 Nc5 39. Rc7 d5 40. Ne3 Ne6 41. Rc6 Nd8 42. Rd6 Nf7 43. Rc6 d4 44. Nd5 Nd8 45. Rd6 Kf8 46. Rd7 Ne6 47. Kf3 d3 48. Ke3 e4 49. Ra7 Nc5 50. Rc7 Ne6 51. Ra7 Rd8 52. Ra5 d2 53. Nc3 Rd3+ 54. Ke2 Nd4+ 55. Kd1 Rxc3 56. b7 Nc6 57. Ra6 Rb3 58. Rxc6 Rxb7 59. Kxd2 Kf7 60. Ke3 Re7 61. Ra6 Kg6 62. Ra5 Re5 63. Rxe5 fxe5 64. Kxe4 Kf6 65. Kd5 h5 66. gxh5 Kf5 67. Kc4 Ke4 68. Kc3 Ke3 69. Kc2 e4 0-1

[Event "Olomouc Proclient Cup"]
[Site "Olomouc"]
[Date "2006.08.06"]
[Round "7"]
[White "Stehno, Pavel"]
[Black "Camarena Gimenez, Rufino"]
[Result "0-1"]
[WhiteElo "2297"]
[BlackElo "2323"]
[PlyCount "88"]
[EventDate "2006.08.02"]
[EventType "tourn"]
[EventRounds "11"]
[EventCountry "CZE"]
[EventCategory "3"]
[SourceTitle "CBM 113 Extra"]
[Source "ChessBase"]
[SourceDate "2006.09.14"]
[SourceVersion "1"]
[SourceVersionDate "2006.09.14"]
[SourceQuality "1"]

1. e4 e6 2. d4 d5 3. e5 c5 4. c3 Nc6 5. Nf3 Bd7 6. Be2 f6 7. 0-0 Qc7 8. Re1 fxe5 9. Nxe5 Nxe5 10. dxe5 0-0-0 11. c4 d4 12. Bf3 Ne7 13. Bf4 h6 14. b4 g5 15. Bg3 Nf5 16. b5 Bg7 17. Nd2 Nxg3 18. hxg3 Bxe5 19. Qe2 Bg7 20. Qe4 h5 21. Qg6 Rdg8 22. Qf7 g4 23. Be4 d3 24. Nb3 Bxa1 25. Rxa1 h4 26. gxh4 g3 27. f3 Qd6 28. Rd1 Rf8 29. Qg7 Rhg8 30. Qh7 Rh8 31. Qg7 Rfg8 32. Qf7 Qe5 33. Qe7 b6 34. Rxd3 Rg7 35. Qd6 Qxd6 36. Rxd6 Rxh4 37. Na1 Kc7 38. Rd3 Be8 39. Nc2 Bg6 40. Bxg6 Rxg6 41. Ne3 Rd4 42. Ra3 Kb7 43. Kf1 Rd2 44. Ng4 Rg8 0-1

[Event "Pardubice op-A"]
[Site "Pardubice"]
[Date "2006.07.27"]
[Round "7"]
[White "Stehno, Pavel"]
[Black "Hilmer, Frank"]
[Result "0-1"]
[WhiteElo "2297"]
[BlackElo "2201"]
[PlyCount "32"]
[EventDate "2006.07.21"]
[EventType "swiss"]
[EventRounds "9"]
[EventCountry "CZE"]
[SourceTitle "CBM 113 Extra"]
[Source "ChessBase"]
[SourceDate "2006.09.14"]
[SourceVersion "1"]
[SourceVersionDate "2006.09.14"]
[SourceQuality "1"]

1. e4 e6 2. d4 d5 3. e5 c5 4. c3 Nc6 5. Nf3 Bd7 6. Be2 Nge7 7. Na3 Ng6 8. h4 Be7 9. g3 0-0 10. h5 Nh8 11. Nc2 cxd4 12. cxd4 f6 13. exf6 Bxf6 14. 0-0 Nf7 15. Bf4 Qb6 16. Bd6 Nxd6 0-1

[Event "Pardubice op-A"]
[Site "Pardubice"]
[Date "2006.07.23"]
[Round "3"]
[White "Biolek, Richard"]
[Black "Stehno, Pavel"]
[Result "1-0"]
[WhiteElo "2440"]
[BlackElo "2297"]
[PlyCount "77"]
[EventDate "2006.07.21"]
[EventType "swiss"]
[EventRounds "9"]
[EventCountry "CZE"]
[SourceTitle "CBM 113 Extra"]
[Source "ChessBase"]
[SourceDate "2006.09.14"]
[SourceVersion "1"]
[SourceVersionDate "2006.09.14"]
[SourceQuality "1"]

1. c4 Nf6 2. g3 g6 3. Bg2 Bg7 4. Nc3 0-0 5. e4 c5 6. Nge2 Nc6 7. 0-0 d6 8. d3 Nd4 9. f4 a6 10. a4 Rb8 11. h3 Ne8 12. g4 Nc7 13. a5 b5 14. axb6 Rxb6 15. Nxd4 Bxd4+ 16. Kh1 f5 17. gxf5 gxf5 18. Ne2 Ne6 19. Qe1 Rb3 20. Ra3 Rb8 21. b3 Bf6 22. Bd2 Nd4 23. Nxd4 Bxd4 24. Bc3 Rf6 25. Bxd4 cxd4 26. Rg1 Kh8 27. e5 Rh6 28. Kh2 Qf8 29. exd6 exd6 30. Bd5 Rg6 31. Ra2 Bb7 32. Rxg6 hxg6 33. Re2 Bxd5 34. cxd5 Kg8 35. Re6 Qf7 36. Rxd6 Re8 37. Re6 Kf8 38. Rxe8+ Qxe8 39. Qxe8+ 1-0

[Event "CZE-chT 0506"]
[Site "Czech Republic"]
[Date "2006.03.25"]
[Round "10"]
[White "Stehno, Pavel"]
[Black "Cifka, Stanislav"]
[Result "1/2-1/2"]
[WhiteElo "2310"]
[BlackElo "2310"]
[PlyCount "64"]
[EventDate "2005.10.15"]
[EventType "team-tourn"]
[EventRounds "11"]
[EventCountry "CZE"]
[SourceTitle "EXT 2019"]
[Source "ChessBase"]
[SourceDate "2018.10.10"]
[SourceVersion "1"]
[SourceVersionDate "2018.10.10"]
[SourceQuality "1"]
[WhiteTeam "Pardubice RC Sport"]
[BlackTeam "Praha Mahrla"]
[WhiteTeamCountry "CZE"]
[BlackTeamCountry "CZE"]

1. e4 c5 2. Nf3 e6 3. d4 cxd4 4. Nxd4 Nf6 5. Nc3 d6 6. Be2 Be7 7. 0-0 Nc6 8. Be3 0-0 9. f4 e5 10. Nf5 Bxf5 11. exf5 d5 12. fxe5 Nxe5 13. Kh1 Nc4 14. Bxc4 dxc4 15. Qf3 Qc7 16. Bd4 Rad8 17. Rad1 a6 18. h3 Rd7 19. Bxf6 Rxd1 20. Rxd1 Bxf6 21. Nd5 Qe5 22. Nxf6+ Qxf6 23. Qxb7 Qxf5 24. c3 Qc2 25. Qd5 h6 26. Kh2 Qa4 27. a3 Qb3 28. Rd2 Re8 29. g3 Re6 30. h4 Qb5 31. Kh3 Qxd5 32. Rxd5 Re2 1/2-1/2

[Event "Oberliga Bayern 0506"]
[Site "Bayern"]
[Date "2006.01.29"]
[Round "6.3"]
[White "Stehno, Pavel"]
[Black "Golda, Harald"]
[Result "1-0"]
[WhiteElo "2321"]
[BlackElo "2296"]
[PlyCount "75"]
[EventDate "2005.10.23"]
[EventType "team-tourn"]
[EventRounds "9"]
[EventCountry "GER"]
[SourceTitle "EXT 2007"]
[Source "ChessBase"]
[SourceDate "2006.11.23"]
[SourceVersion "1"]
[SourceVersionDate "2006.11.23"]
[SourceQuality "1"]
[WhiteTeam "Bamberg SC"]
[BlackTeam "Wuerzburg"]
[WhiteTeamCountry "GER"]
[BlackTeamCountry "GER"]

1. e4 c6 2. d4 d5 3. e5 Bf5 4. Be3 e6 5. Nc3 Nd7 6. Be2 a6 7. g4 Bg6 8. Nh3 c5 9. 0-0 cxd4 10. Bxd4 Ne7 11. f4 h5 12. f5 exf5 13. Nf4 hxg4 14. Rf2 Nc6 15. e6 Nc5 16. Ncxd5 Nxe6 17. Bb6 Qd6 18. Nxe6 fxe6 19. Nc7+ Kf7 20. Nxa8 g3 21. Rg2 Qb4 22. c3 Bc5+ 23. Kh1 Qe4 24. Bf3 Qe3 25. Bxc5 Qxc5 26. Qd7+ Kf6 27. Nc7 Bf7 28. Bxc6 bxc6 29. Qd4+ Qxd4 30. cxd4 gxh2 31. Rxh2 Rd8 32. Rd1 a5 33. Kg1 c5 34. Rhd2 Rd7 35. Nb5 Bh5 36. dxc5 Rb7 37. a4 Bxd1 38. Rxd1 1-0

[Event "Marianske Lazne GM"]
[Site "Marianske Lazne"]
[Date "2006.01.23"]
[Round "3"]
[White "Stehno, Pavel"]
[Black "Voloshin, Leonid"]
[Result "0-1"]
[WhiteElo "2310"]
[BlackElo "2466"]
[PlyCount "88"]
[EventDate "2006.01.21"]
[EventType "tourn"]
[EventRounds "11"]
[EventCountry "CZE"]
[EventCategory "7"]
[SourceTitle "CBM 110 Extra"]
[Source "ChessBase"]
[SourceDate "2006.03.10"]
[SourceVersion "2"]
[SourceVersionDate "2006.03.10"]
[SourceQuality "1"]

1. e4 e5 2. Nf3 Nc6 3. Bb5 a6 4. Ba4 Nf6 5. 0-0 Be7 6. Re1 b5 7. Bb3 d6 8. c3 0-0 9. h3 Nb8 10. d4 Nbd7 11. Nbd2 Bb7 12. Bc2 Re8 13. Nf1 Bf8 14. Ng3 g6 15. a4 c5 16. d5 c4 17. Be3 Qc7 18. Nd2 Nc5 19. Qe2 Nfd7 20. a5 Bg7 21. Ngf1 Rf8 22. g4 f5 23. exf5 gxf5 24. gxf5 Bxd5 25. Bxc5 Nxc5 26. Ng3 Bb7 27. Rad1 d5 28. Qh5 e4 29. Ndf1 Be5 30. Ne2 Nd3 31. Bxd3 cxd3 32. Nd4 Bxd4 33. cxd4 Qg7+ 34. Kh1 Qxd4 35. Ne3 Kh8 36. Rg1 Qf6 37. Rg6 Qf7 38. Rdg1 d4 39. Ng4 e3+ 40. Kh2 Qc7+ 41. Rg3 e2 42. Re6 d2 43. Ne5 Qxe5 44. Rxe5 d1Q 0-1